[Event "Turniej GM"]
[Site "Ostroda"]
[Date "2011.08.04"]
[Round "1.1"]
[White "Duda, Jan-Krzysztof"]
[Black "Georgescu, Tiberiu-Marian"]
[Result "1-0"]
[WhiteElo "2274"]
[BlackElo "2397"]
[PlyCount "133"]
[EventDate "2011.??.??"]

1. e4 c6 2. d4 d5 3. Nc3 dxe4 4. Nxe4 Bf5 5. Ng3 Bg6 6. h4 h6 7. Nf3 Nd7 8. h5
Bh7 9. Bd3 Bxd3 10. Qxd3 e6 11. Bd2 Ngf6 12. O-O-O Be7 13. Ne4 Nxe4 14. Qxe4
Nf6 15. Qe2 Qd5 16. c4 Qe4 17. Be3 Ng4 18. Qc2 Qxc2+ 19. Kxc2 O-O 20. Ne5 Nxe3+
21. fxe3 Rfd8 22. Rhf1 Bf6 23. Nd3 a5 24. Rf3 b5 25. Rdf1 Ra7 26. Kb3 e5 27.
Nxe5 Bxe5 28. dxe5 Rd3+ 29. Kc2 bxc4 30. e6 f6 31. Rg3 Kf8 32. Rf4 Rd6 33. Rxc4
Rxe6 34. Rf3 Rae7 35. Kd3 Rb7 36. b3 Rb5 37. g4 Ke7 38. Rf5 Kd6 39. Rd4+ Kc7
40. Rxb5 cxb5 41. Rd5 Kc6 42. e4 Re8 43. Kd4 Rb8 44. Rc5+ Kb6 45. a4 bxa4 46.
bxa4 Ra8 47. Rb5+ Kc6 48. Ke3 Ra7 49. Kf4 Kd7 50. Kf5 Kd6 51. Kf4 Ke6 52. Rb6+
Kf7 53. Kf5 Re7 54. Rb5 Ra7 55. Rc5 Ke7 56. Kg6 Kd6 57. Rf5 Ke6 58. Rd5 Rc7 59.
Rxa5 Rc4 60. Ra8 Ke7 61. a5 Rxe4 62. a6 Rxg4+ 63. Kh7 Ra4 64. a7 f5 65. Kxg7 f4
66. Rf8 Ke6 67. a8=Q 1-0

[Event "Turniej GM"]
[Site "Ostroda"]
[Date "2011.08.04"]
[Round "1.3"]
[White "Semcesen, Daniel"]
[Black "Bailet, Pierre"]
[Result "1/2-1/2"]
[WhiteElo "2480"]
[BlackElo "2432"]
[PlyCount "88"]
[EventDate "2011.??.??"]

1. d4 Nf6 2. c4 d6 3. Nc3 e5 4. Nf3 Nbd7 5. Bg5 Be7 6. Qc2 c6 7. e3 Qa5 8. Bd3
Nf8 9. O-O Bg4 10. b4 Qc7 11. Nd2 Ng6 12. h3 Bd7 13. f4 exd4 14. exd4 Qb6 15.
Nf3 O-O 16. c5 dxc5 17. f5 c4 18. Bxc4 Ne5 19. Nxe5 Qxd4+ 20. Kh1 Qxe5 21. Rae1
Qd4 22. Rxe7 Qxc4 23. Rf4 Bxf5 24. Rxf5 Nd5 25. Rxb7 Qxc3 26. Qf2 Rae8 27. Bd2
Qa1+ 28. Kh2 Nf6 29. Qf3 Qd4 30. Bc3 Qd6+ 31. Kg1 Re6 32. Bxf6 Re1+ 33. Kf2
Qd2+ 34. Kg3 Re3 35. Be7 Rxf3+ 36. Rxf3 Qe1+ 37. Kh2 Re8 38. Bd6 Qe6 39. Bc5
Qe5+ 40. Kg1 Qa1+ 41. Kh2 f6 42. Rxa7 Qe5+ 43. Kg1 Qa1+ 44. Kh2 Qe5+ 1/2-1/2

[Event "Turniej GM"]
[Site "Ostroda"]
[Date "2011.08.04"]
[Round "1.4"]
[White "Malisauskas, Vidmantas"]
[Black "Mista, Aleksander"]
[Result "1/2-1/2"]
[WhiteElo "2477"]
[BlackElo "2564"]
[PlyCount "26"]
[EventDate "2011.??.??"]

1. d4 d5 2. c4 dxc4 3. e4 e5 4. Nf3 exd4 5. Bxc4 Bb4+ 6. Nbd2 Nc6 7. O-O Nf6 8.
e5 Nd5 9. Nb3 Nb6 10. Bb5 Qd5 11. Nfxd4 O-O 12. Nxc6 Qxb5 13. Nxb4 Qxb4 1/2-1/2

[Event "Turniej GM"]
[Site "Ostroda"]
[Date "2011.08.04"]
[Round "1.5"]
[White "Terrieux, Kevin"]
[Black "Jakubowski, Krzysztof"]
[Result "0-1"]
[WhiteElo "2429"]
[BlackElo "2510"]
[PlyCount "34"]
[EventDate "2011.??.??"]

1. d4 Nf6 2. c4 e6 3. Nc3 Bb4 4. Qc2 c5 5. dxc5 O-O 6. Nf3 Na6 7. a3 Bxc3+ 8.
Qxc3 Nxc5 9. b4 Nce4 10. Qd4 d6 11. Ng5 e5 12. Qd3 Bf5 13. Nxe4 Bxe4 14. Qd2
Rc8 15. f3 Rxc4 16. fxe4 Qc7 17. Qd1 Rc2 0-1

[Event "Turniej GM"]
[Site "Ostroda"]
[Date "2011.08.05"]
[Round "2.1"]
[White "Georgescu, Tiberiu-Marian"]
[Black "Jakubowski, Krzysztof"]
[Result "1/2-1/2"]
[WhiteElo "2397"]
[BlackElo "2510"]
[PlyCount "106"]
[EventDate "2011.??.??"]

1. d4 Nf6 2. c4 e6 3. Nf3 c5 4. d5 exd5 5. cxd5 d6 6. Nc3 a6 7. a4 g6 8. Bf4
Nh5 9. Bg5 f6 10. Bh4 g5 11. Bg3 f5 12. e3 Qf6 13. Nd2 Qh6 14. Nc4 Nxg3 15.
fxg3 Nd7 16. Bd3 Rb8 17. Bxf5 Ne5 18. Nxe5 Bxf5 19. O-O Bg7 20. Nf7 Kxf7 21.
Rxf5+ Ke7 22. Qg4 Rhf8 23. Raf1 Qg6 24. R1f3 Rxf5 25. Rxf5 Rf8 26. Rxf8 Kxf8
27. Ne4 Ke7 28. b3 b5 29. axb5 axb5 30. h4 h5 31. Qxg5+ Qxg5 32. Nxg5 Kf6 33.
e4 c4 34. bxc4 b4 35. Kf2 b3 36. e5+ Kxe5 37. Nf3+ Kf5 38. Nd2 b2 39. Kf3 Bc3
40. Nb1 Bb4 41. Ke3 Kg4 42. Kd3 Kxg3 43. Kc2 Kxh4 44. Kxb2 Kg3 45. Nc3 Kxg2 46.
Kb3 Ba5 47. c5 h4 48. Ne2 dxc5 49. d6 Kf2 50. Nf4 Kf3 51. Nh3 Kg3 52. Ng1 Kg2
53. Ne2 Kf2 1/2-1/2

[Event "Turniej GM"]
[Site "Ostroda"]
[Date "2011.08.05"]
[Round "2.2"]
[White "Mista, Aleksander"]
[Black "Terrieux, Kevin"]
[Result "1-0"]
[WhiteElo "2564"]
[BlackElo "2429"]
[PlyCount "111"]
[EventDate "2011.??.??"]

1. Nf3 Nf6 2. c4 e6 3. g3 d5 4. Bg2 Be7 5. O-O O-O 6. b3 c5 7. cxd5 Nxd5 8. Bb2
Nc6 9. a3 b6 10. Nc3 Nxc3 11. Bxc3 Bb7 12. Qc2 Rc8 13. Qb2 Bf6 14. Ne5 Bxe5 15.
Bxe5 Nxe5 16. Bxb7 Rc7 17. Bg2 Qd6 18. Rac1 a5 19. f4 Nc6 20. e3 Rd8 21. Rf2
Ne7 22. g4 Rcd7 23. h4 e5 24. fxe5 Qe6 25. Rc4 Nc6 26. Re4 Rd3 27. Bf1 Rxb3 28.
Qc2 b5 29. Qxc5 Rd5 30. Qb6 h6 31. d4 Kh7 32. Ref4 Nxd4 33. Qb7 Rxe3 34. Rxf7
Nf3+ 35. R2xf3 Qxg4+ 36. Bg2 Rd1+ 37. Rf1 Rxf1+ 38. Rxf1 Qd4 39. Qd5 Qxd5 40.
Bxd5 Rxe5 41. Bc6 g6 42. Rf3 Rc5 43. Bd7 h5 44. Rf7+ Kh6 45. Rf6 Kg7 46. Ra6 a4
47. Be8 g5 48. Ra5 Rc3 49. hxg5 Rxa3 50. Rxb5 Rb3 51. Ra5 a3 52. Bxh5 Rh3 53.
Bd1 Rc3 54. Kf2 Kg6 55. Bf3 Rc4 56. Ke3 1-0

[Event "Turniej GM"]
[Site "Ostroda"]
[Date "2011.08.05"]
[Round "2.3"]
[White "Bailet, Pierre"]
[Black "Malisauskas, Vidmantas"]
[Result "1-0"]
[WhiteElo "2432"]
[BlackElo "2477"]
[PlyCount "77"]
[EventDate "2011.??.??"]

1. d4 d5 2. c4 c6 3. Nf3 Nf6 4. Nc3 dxc4 5. a4 Bf5 6. e3 Bd3 7. Bxd3 cxd3 8.
Qxd3 e6 9. O-O Na6 10. e4 Nb4 11. Qe2 Be7 12. Bg5 h6 13. Bxf6 gxf6 14. Rfd1 Qa5
15. d5 Qa6 16. Qxa6 bxa6 17. d6 Bd8 18. Rac1 Rb8 19. e5 f5 20. Ne2 Kd7 21. Ned4
a5 22. Nb3 Na6 23. Nc5+ Nxc5 24. Rxc5 Rxb2 25. Rdc1 Rb4 26. Rxc6 Rxa4 27. Rc8
Re8 28. g3 f4 29. Kg2 fxg3 30. hxg3 Rb4 31. R8c7+ Bxc7 32. Rxc7+ Kd8 33. Rxf7
a6 34. Ra7 Rb6 35. Nd4 a4 36. Rc7 a5 37. Nc6+ Rxc6 38. Rxc6 Kd7 39. Rc7+ 1-0

[Event "Turniej GM"]
[Site "Ostroda"]
[Date "2011.08.05"]
[Round "2.5"]
[White "Duda, Jan-Krzysztof"]
[Black "Leniart, Arkadiusz"]
[Result "1-0"]
[WhiteElo "2274"]
[BlackElo "2455"]
[PlyCount "227"]
[EventDate "2011.??.??"]

1. e4 e5 2. Nf3 Nc6 3. Bb5 a6 4. Ba4 Nf6 5. O-O Be7 6. Re1 b5 7. Bb3 d6 8. c3
O-O 9. d4 Bg4 10. d5 Na5 11. Bc2 c6 12. h3 Bc8 13. dxc6 Qc7 14. Nbd2 Qxc6 15.
Nf1 Bb7 16. Ne3 g6 17. b4 Nc4 18. Nxc4 bxc4 19. Bg5 Kg7 20. Qd2 Ng8 21. Bxe7
Nxe7 22. Rad1 Rad8 23. Nh2 f6 24. Ng4 h5 25. Qh6+ Kf7 26. Nh2 Rh8 27. Qc1 Kg7
28. Qa3 Qc7 29. Rb1 Ra8 30. Nf1 d5 31. Qa5 Rac8 32. Red1 Rhd8 33. Qxc7 Rxc7 34.
exd5 Nxd5 35. Ne3 Rcd7 36. Nxd5 Bxd5 37. Rd2 Bc6 38. Rxd7+ Rxd7 39. Rd1 Rxd1+
40. Bxd1 f5 41. Be2 Bd5 42. h4 Kf6 43. Kf1 e4 44. f4 exf3 45. Bxf3 Bxf3 46.
gxf3 f4 47. a4 Ke6 48. a5 Kd7 49. Ke2 Kc6 50. Kd2 Kb5 51. Kc2 Kc6 52. Kb2 Kc7
53. Ka3 Kd7 54. b5 axb5 55. a6 Kc6 56. Kb4 Kb6 57. a7 Kxa7 58. Kxb5 Kb7 59.
Kxc4 Kc6 60. Kd4 g5 61. hxg5 h4 62. g6 h3 63. g7 h2 64. g8=Q h1=Q 65. Qd5+ Kc7
66. Qe5+ Kc6 67. Qe4+ Kd7 68. Qxf4 Qd1+ 69. Kc5 Qa1 70. Qf7+ Kd8 71. Qf8+ Kd7
72. Qf7+ Kd8 73. Qf6+ Ke8 74. Qc6+ Kd8 75. Kb6 Qb2+ 76. Ka7 Qa3+ 77. Kb7 Qe7+
78. Kb6 Qe3+ 79. Ka5 Qg5+ 80. Ka6 Qc1 81. Kb7 Qd1 82. f4 Ke7 83. Qe4+ Kf7 84.
Kc6 Qa1 85. Qf5+ Ke7 86. Qe5+ Kf7 87. Qc7+ Ke6 88. Kb7 Kf5 89. Qe5+ Kg6 90. f5+
Kf7 91. Qe6+ Kf8 92. Qf6+ Ke8 93. Qc6+ Kd8 94. Qd5+ Ke7 95. c4 Qb2+ 96. Kc6 Qa1
97. Qd6+ Ke8 98. Kb7 Qg7+ 99. Kc8 Qa1 100. Qc6+ Ke7 101. c5 Qh8+ 102. Kc7 Qh3
103. Qe6+ Kf8 104. Kd8 Qa3 105. Qd6+ Kf7 106. Qg6+ Kf8 107. Qh6+ Kf7 108. Qg6+
Kf8 109. Qf6+ Kg8 110. Qe6+ Kf8 111. c6 Qa8+ 112. Kd7 Qa7+ 113. c7 Qb7 114. Kd8
1-0

[Event "Turniej GM"]
[Site "Ostroda"]
[Date "2011.08.05"]
[Round "3.1"]
[White "Leniart, Arkadiusz"]
[Black "Georgescu, Tiberiu-Marian"]
[Result "1-0"]
[WhiteElo "2455"]
[BlackElo "2397"]
[PlyCount "75"]
[EventDate "2011.??.??"]

1. c4 Nf6 2. Nc3 g6 3. g3 Bg7 4. Bg2 O-O 5. Nf3 d6 6. d4 c6 7. O-O Qa5 8. e4 e5
9. Rb1 Nbd7 10. b4 Qc7 11. Re1 a6 12. Bb2 Re8 13. Qb3 exd4 14. Nxd4 c5 15. Nc2
Ne5 16. bxc5 Qxc5 17. Ne3 Neg4 18. Ncd5 Nxd5 19. cxd5 Bxb2 20. Qxb2 Nxe3 21.
Rxe3 Qa5 22. Ra3 Qd8 23. Qb6 Qxb6 24. Rxb6 Rd8 25. Rc3 Kf8 26. f4 Ke7 27. e5
Rb8 28. Rc7+ Rd7 29. Rxd7+ Bxd7 30. Rxd6 Bb5 31. Rb6 Kd7 32. d6 Bc4 33. Rxb7+
Rxb7 34. Bxb7 f6 35. a3 g5 36. Kf2 gxf4 37. gxf4 fxe5 38. fxe5 1-0

[Event "Turniej GM"]
[Site "Ostroda"]
[Date "2011.08.05"]
[Round "3.2"]
[White "Semcesen, Daniel"]
[Black "Duda, Jan-Krzysztof"]
[Result "1/2-1/2"]
[WhiteElo "2480"]
[BlackElo "2274"]
[PlyCount "84"]
[EventDate "2011.??.??"]

1. c4 Nf6 2. Nc3 e5 3. Nf3 Nc6 4. e4 Bb4 5. d3 O-O 6. g3 d6 7. Bg2 Ne7 8. O-O
c6 9. a3 Bxc3 10. bxc3 Qc7 11. Bg5 Ne8 12. d4 Be6 13. c5 dxc5 14. Bxe7 Qxe7 15.
Nxe5 Nd6 16. Re1 Rad8 17. Nd3 cxd4 18. cxd4 Bc4 19. Nf4 Nb5 20. d5 cxd5 21.
exd5 Qf6 22. Qa4 Nd6 23. Qxa7 b5 24. Qe3 Ra8 25. h4 h6 26. Rac1 Qb2 27. Qe7
Qxa3 28. Nh5 Rfe8 29. Qd7 Rxe1+ 30. Rxe1 Qb4 31. Re3 Qb1+ 32. Kh2 Qg6 33. Nxg7
Kxg7 34. Re6 Qf5 35. Rxd6 Qxd7 36. Rxd7 Ra2 37. Kg1 Ra1+ 38. Kh2 Ra2 39. Kg1
Ra1+ 40. Kh2 Ra2 41. Kg1 Ra1+ 42. Kh2 Ra2 1/2-1/2

[Event "Turniej GM"]
[Site "Ostroda"]
[Date "2011.08.05"]
[Round "3.4"]
[White "Terrieux, Kevin"]
[Black "Bailet, Pierre"]
[Result "0-1"]
[WhiteElo "2429"]
[BlackElo "2432"]
[PlyCount "34"]
[EventDate "2011.??.??"]

1. d4 d5 2. c4 c6 3. cxd5 cxd5 4. Nf3 Nf6 5. Nc3 Nc6 6. Bf4 Bf5 7. e3 e6 8. Qb3
Bb4 9. Bb5 O-O 10. O-O Bxc3 11. Qxc3 Rc8 12. Rac1 Ne5 13. Qa3 Nxf3+ 14. gxf3 a6
15. Be2 Nh5 16. Bd6 Qg5+ 17. Kh1 Bh3 0-1

[Event "Turniej GM"]
[Site "Ostroda"]
[Date "2011.08.05"]
[Round "3.5"]
[White "Jakubowski, Krzysztof"]
[Black "Mista, Aleksander"]
[Result "1/2-1/2"]
[WhiteElo "2510"]
[BlackElo "2564"]
[PlyCount "26"]
[EventDate "2011.??.??"]

1. d4 d5 2. c4 dxc4 3. Nf3 Nf6 4. e3 e6 5. Bxc4 c5 6. O-O a6 7. dxc5 Qxd1 8.
Rxd1 Bxc5 9. Nbd2 Nbd7 10. Nb3 Be7 11. Na5 Bb4 12. Bd2 Bxd2 13. Rxd2 b6 1/2-1/2

[Event "Turniej GM"]
[Site "Ostroda"]
[Date "2011.08.06"]
[Round "4.1"]
[White "Georgescu, Tiberiu-Marian"]
[Black "Mista, Aleksander"]
[Result "0-1"]
[WhiteElo "2397"]
[BlackElo "2564"]
[PlyCount "90"]
[EventDate "2011.??.??"]

1. Nf3 Nf6 2. c4 e6 3. g3 d5 4. d4 dxc4 5. Bg2 Bd7 6. Ne5 Bc6 7. Nxc6 Nxc6 8.
O-O Qd7 9. e3 h5 10. Nd2 h4 11. Nxc4 hxg3 12. fxg3 Nd5 13. e4 Nb6 14. Nxb6 axb6
15. Be3 O-O-O 16. Qa4 Kb8 17. Rad1 f6 18. Qb3 Qe8 19. Bf3 e5 20. d5 Nd4 21.
Bxd4 exd4 22. Qd3 Bd6 23. Bg4 Qg6 24. Bf5 Qg5 25. Rf2 g6 26. Be6 Rh7 27. Qd2
Qe5 28. Qf4 Qxf4 29. gxf4 Rh4 30. h3 Bxf4 31. Kg2 c5 32. a4 Kc7 33. b3 Kd6 34.
Ra1 Ke5 35. a5 Ra8 36. Rfa2 bxa5 37. Rxa5 Rxa5 38. Rxa5 b6 39. Ra8 d3 40. Bg4
Rxg4+ 41. hxg4 d2 42. Ra1 Kxe4 43. Kf2 Kd3 44. Kf3 Be5 45. Rd1 b5 0-1

[Event "Turniej GM"]
[Site "Ostroda"]
[Date "2011.08.06"]
[Round "4.2"]
[White "Bailet, Pierre"]
[Black "Jakubowski, Krzysztof"]
[Result "1/2-1/2"]
[WhiteElo "2432"]
[BlackElo "2510"]
[PlyCount "59"]
[EventDate "2011.??.??"]

1. e4 c5 2. Nf3 d6 3. d4 cxd4 4. Nxd4 Nf6 5. Nc3 a6 6. Be3 e5 7. Nf3 h6 8. Bc4
Nbd7 9. O-O b5 10. Bd5 Nxd5 11. Nxd5 Be7 12. Qd3 Bb7 13. Rfd1 Bxd5 14. Qxd5 O-O
15. a4 bxa4 16. Rxa4 Nb6 17. Bxb6 Qxb6 18. b3 Rfc8 19. Nd2 Qb8 20. Nc4 Rc5 21.
Qd3 Qc7 22. g3 Qc6 23. Rda1 d5 24. Nxe5 Qe6 25. Nf3 Rac8 26. Nd4 Qxe4 27. Nf5
Qe5 28. Nxe7+ Qxe7 29. Rxa6 Rxc2 30. Ra8 1/2-1/2

[Event "Turniej GM"]
[Site "Ostroda"]
[Date "2011.08.06"]
[Round "4.4"]
[White "Duda, Jan-Krzysztof"]
[Black "Malisauskas, Vidmantas"]
[Result "0-1"]
[WhiteElo "2274"]
[BlackElo "2477"]
[PlyCount "88"]
[EventDate "2011.??.??"]

1. e4 c6 2. d4 d5 3. e5 Bf5 4. c4 e6 5. Nc3 Nd7 6. a3 dxc4 7. Bxc4 Nb6 8. Bb3
Ne7 9. Nge2 Ned5 10. Ng3 Bg6 11. h4 Nxc3 12. bxc3 h5 13. Qf3 Be7 14. Ne4 Rc8
15. a4 Nd5 16. Nd6+ Bxd6 17. exd6 Qxd6 18. Ba3 Qd8 19. c4 Ne7 20. Rd1 O-O 21.
Kf1 Re8 22. g4 Qb6 23. Ba2 Qa5 24. Bc5 Bc2 25. Ra1 Qd2 26. Bb1 hxg4 27. Qxg4
Nf5 28. a5 b6 29. axb6 axb6 30. Bxb6 Ra8 31. Rxa8 Rxa8 32. Qe2 Qf4 33. Kg2 Bxb1
34. Rxb1 Nxh4+ 35. Kf1 Ra3 36. Qc2 Rh3 37. Rb3 Rh1+ 38. Ke2 Rc1 39. Qa2 Qg4+
40. Kd2 Qd1+ 41. Ke3 Ng2+ 42. Ke4 Qg4+ 43. Kd3 Qf3+ 44. Kd2 Qd1# 0-1

[Event "Turniej GM"]
[Site "Ostroda"]
[Date "2011.08.06"]
[Round "4.5"]
[White "Leniart, Arkadiusz"]
[Black "Semcesen, Daniel"]
[Result "1/2-1/2"]
[WhiteElo "2455"]
[BlackElo "2480"]
[PlyCount "45"]
[EventDate "2011.??.??"]

1. e4 e5 2. Nf3 Nc6 3. Bc4 d6 4. d4 exd4 5. Nxd4 g6 6. Nxc6 bxc6 7. O-O Bg7 8.
Re1 Ne7 9. Nc3 O-O 10. Bg5 h6 11. Be3 Be6 12. Bd4 Bxd4 13. Qxd4 c5 14. Qd3 Bxc4
15. Qxc4 Rb8 16. b3 Rb4 17. Qa6 Qa8 18. Rad1 Qc6 19. Qe2 Re8 20. e5 Nf5 21. Nd5
Rxe5 22. Nxb4 cxb4 23. Qg4 1/2-1/2

[Event "Turniej GM"]
[Site "Ostroda"]
[Date "2011.08.08"]
[Round "5.1"]
[White "Semcesen, Daniel"]
[Black "Georgescu, Tiberiu-marian"]
[Result "1-0"]
[WhiteElo "2480"]
[BlackElo "2397"]
[PlyCount "129"]
[EventDate "2011.??.??"]

1. d4 Nf6 2. c4 g6 3. Nc3 Bg7 4. e4 d6 5. h3 Nbd7 6. Nf3 e5 7. d5 Nc5 8. Qc2 a5
9. Bg5 h5 10. Be2 Bh6 11. Bxh6 Rxh6 12. Qc1 Rh8 13. Qe3 Qe7 14. Nd2 Kf8 15. Nb3
b6 16. Nxc5 bxc5 17. O-O-O Kg7 18. Rhf1 Rb8 19. Rd2 h4 20. Kb1 Ba6 21. Rc1 Rb4
22. Nd1 Bc8 23. Ka1 Bd7 24. Nc3 Nh7 25. a3 Rbb8 26. Rf1 Qg5 27. f4 Qxg2 28. Rd3
Rbe8 29. f5 Qg5 30. Qf2 Qf6 31. Bg4 Ng5 32. Qg2 Nh7 33. Rdf3 g5 34. Nd1 Reg8
35. Ne3 Kf8 36. Qd2 Qd8 37. f6 a4 38. Qa5 Rg6 39. Bxd7 Qxd7 40. Ng4 Kg8 41. Rf5
Nf8 42. Qd2 Rh5 43. R1f3 Kh8 44. Rf1 Rg8 45. Rg1 Qd8 46. Qd1 Rh7 47. Qxa4 Ng6
48. Rxg5 Nf4 49. Nxe5 Rxg5 50. Rxg5 Nxh3 51. Rf5 dxe5 52. Rxe5 Qxf6 53. Qe8+
Kg7 54. Rf5 Qg6 55. Qe5+ f6 56. Qxc7+ Kh6 57. Qd8 Kg7 58. Qe7+ Qf7 59. Qxc5 Rh5
60. d6 Rg5 61. Qc7 Rg1+ 62. Ka2 Ng5 63. e5 Rc1 64. exf6+ Kh6 65. Rxg5 1-0

[Event "Turniej GM"]
[Site "Ostroda"]
[Date "2011.08.08"]
[Round "5.2"]
[White "Malisauskas, Vidmantas"]
[Black "Leniart, Arkadiusz"]
[Result "1/2-1/2"]
[WhiteElo "2477"]
[BlackElo "2455"]
[PlyCount "30"]
[EventDate "2011.??.??"]

1. c4 e5 2. Nc3 Nf6 3. g3 d5 4. cxd5 Nxd5 5. Bg2 Nb6 6. Nf3 Nc6 7. O-O Be7 8.
a3 O-O 9. b4 a6 10. d3 Re8 11. Bb2 Bf8 12. Rc1 Nd4 13. Ne4 c6 14. Nc5 Nxf3+ 15.
Bxf3 Nd7 1/2-1/2

[Event "Turniej GM"]
[Site "Ostroda"]
[Date "2011.08.08"]
[Round "5.3"]
[White "Terrieux, Kevin"]
[Black "Duda, Jan-krzysztof"]
[Result "0-1"]
[WhiteElo "2429"]
[BlackElo "2274"]
[PlyCount "70"]
[EventDate "2011.??.??"]

1. d4 d5 2. c4 c6 3. Nf3 e6 4. Nc3 dxc4 5. a4 Bb4 6. e3 b5 7. Bd2 a5 8. axb5
Bxc3 9. Bxc3 cxb5 10. b3 Bb7 11. d5 Nf6 12. bxc4 b4 13. Bxf6 Qxf6 14. Qa4+ Nd7
15. Nd4 e5 16. Nb3 Ke7 17. Be2 Rhc8 18. O-O Nc5 19. Nxc5 Rxc5 20. f4 e4 21.
Rad1 Qd6 22. f5 Kf8 23. Rf4 Bc8 24. f6 g6 25. Rxe4 Bf5 26. Re7 Qxf6 27. d6 Rd8
28. Bf3 Be6 29. Ra7 Qe5 30. d7 Qxe3+ 31. Kh1 Re5 32. Qa1 Rxd7 33. Raxd7 Bxd7
34. c5 Rxc5 35. Re1 Qc3 0-1

[Event "Turniej GM"]
[Site "Ostroda"]
[Date "2011.08.08"]
[Round "5.4"]
[White "Jakubowski, Krzysztof"]
[Black "Sieciechowicz, Marcin"]
[Result "1-0"]
[WhiteElo "2510"]
[BlackElo "2454"]
[PlyCount "105"]
[EventDate "2011.??.??"]

1. e4 e6 2. d4 d5 3. Nc3 Bb4 4. e5 c5 5. a3 Bxc3+ 6. bxc3 Qa5 7. Bd2 Qa4 8. Qb1
c4 9. h4 Nc6 10. h5 h6 11. Nf3 Bd7 12. Be2 Nge7 13. Bf4 O-O-O 14. Qc1 Kb8 15.
O-O Ka8 16. Nh2 Rdf8 17. Bg4 Nf5 18. Bh3 g5 19. Bd2 Ng7 20. g4 Qa5 21. f4 gxf4
22. Rf3 f5 23. exf6 Rxf6 24. Bxf4 Rg8 25. Kh1 e5 26. dxe5 Rf7 27. Qe3 d4 28.
cxd4 Nxd4 29. Qxd4 Bc6 30. Bg2 Ne6 31. Qxc4 Bd5 32. Qc3 Qxc3 33. Rxc3 Bxg2+ 34.
Kxg2 Rxf4 35. Re1 a5 36. Rf3 Rc4 37. c3 Rd8 38. Ree3 Ng5 39. Rf2 Rc6 40. Nf3
Ne6 41. Nd4 Nxd4 42. cxd4 Rxd4 43. Kh3 Re6 44. Rf6 Rxf6 45. exf6 Rf4 46. Re6
Ka7 47. Kg3 Rf1 48. g5 Rg1+ 49. Kf4 hxg5+ 50. Kf5 g4 51. Kg6 g3 52. f7 g2 53.
f8=Q 1-0

[Event "Turniej GM"]
[Site "Ostroda"]
[Date "2011.08.08"]
[Round "5.5"]
[White "Mista, Aleksander"]
[Black "Bailet, Pierre"]
[Result "1/2-1/2"]
[WhiteElo "2564"]
[BlackElo "2432"]
[PlyCount "74"]
[EventDate "2011.??.??"]

1. c4 Nf6 2. Nf3 e6 3. g3 d5 4. Bg2 dxc4 5. Qa4+ Bd7 6. Qxc4 Bc6 7. O-O Be7 8.
Nc3 O-O 9. e4 b5 10. Nxb5 Bxe4 11. d4 c6 12. Nc3 Bd5 13. Qd3 Nbd7 14. Bf4 Qb6
15. b3 Rfd8 16. Rfd1 Rac8 17. Qe2 Ba3 18. Ne5 Bxg2 19. Kxg2 Nd5 20. Qc4 Nxf4+
21. gxf4 Qb7 22. Nxd7 Qxd7 23. Rab1 Bd6 24. Ne2 Be7 25. Rbc1 g6 26. Nc3 Qc7 27.
Kf3 Bf6 28. b4 Bg7 29. a4 h5 30. Ne2 Qb7 31. Ke3 a6 32. Rd3 Rd7 33. Qb3 Rcd8
34. Rc5 Bf8 35. Rc4 Bg7 36. Rc5 Bf8 37. Rc4 Bg7 1/2-1/2

[Event "Turniej GM"]
[Site "Ostroda"]
[Date "2011.08.08"]
[Round "6.1"]
[White "Georgescu, Tiberiu-Marian"]
[Black "Bailet, Pierre"]
[Result "1-0"]
[WhiteElo "2397"]
[BlackElo "2432"]
[PlyCount "65"]
[EventDate "2011.??.??"]

1. d4 Nf6 2. c4 d6 3. Nf3 g6 4. Nc3 Bg7 5. e4 O-O 6. h3 c5 7. d5 e6 8. Bd3 exd5
9. exd5 Re8+ 10. Be3 Bh6 11. O-O Bxe3 12. fxe3 Nbd7 13. e4 Qe7 14. Qd2 Ne5 15.
Nxe5 Qxe5 16. Qf4 Qxf4 17. Rxf4 Nh5 18. Rf2 Bd7 19. g4 Ng7 20. Raf1 Re7 21. e5
Rxe5 22. Rxf7 Bf5 23. Rxg7+ Kxg7 24. gxf5 Re3 25. f6+ Kf8 26. Bc2 Rae8 27. Ba4
R8e5 28. Bd7 a6 29. Be6 h5 30. Na4 b5 31. Nb6 Rxe6 32. dxe6 Rxe6 33. f7 1-0

[Event "Turniej GM"]
[Site "Ostroda"]
[Date "2011.08.08"]
[Round "6.2"]
[White "Sieciechowicz, Marcin"]
[Black "Mista, Aleksander"]
[Result "1/2-1/2"]
[WhiteElo "2454"]
[BlackElo "2564"]
[PlyCount "124"]
[EventDate "2011.??.??"]

1. d4 d5 2. c4 e6 3. Nc3 Be7 4. cxd5 exd5 5. Bf4 c6 6. e3 Bf5 7. g4 Be6 8. h4
Nd7 9. h5 Nh6 10. Be2 Nb6 11. Nh3 g5 12. Bg3 Qd7 13. f3 f5 14. Be5 Rg8 15. Nf2
fxg4 16. Nxg4 Nxg4 17. fxg4 Bd6 18. Bxd6 Qxd6 19. b3 Rf8 20. Kd2 Nd7 21. Qg1
O-O-O 22. Qh2 Qa3 23. Rac1 Nf6 24. Qe5 Rde8 25. Qxg5 Qb2+ 26. Kd1 h6 27. Qh4
Bg8 28. Rc2 Qa3 29. Rf1 Qe7 30. Rf3 Bh7 31. Rc1 Qg7 32. Kd2 Ne4+ 33. Nxe4 Bxe4
34. Rxf8 Qxf8 35. Rc5 Qd6 36. g5 hxg5 37. Qxg5 b6 38. Rc1 Kb7 39. Rf1 Qb4+ 40.
Kd1 Qc3 41. Rf7+ Ka8 42. Bf3 Bh7 43. Re7 Rg8 44. Rg7 Qa1+ 45. Ke2 Qxa2+ 46. Ke1
Re8 47. Bxd5 Qb1+ 48. Kf2 Qc2+ 49. Kg3 Be4 50. Bxe4 Qxe4 51. Rg8 Rxg8 52. Qxg8+
Kb7 53. Qf7+ Ka6 54. Qf3 Qe6 55. Qe2+ b5 56. Qd3 Qd6+ 57. Kg4 Qe6+ 58. Kg5 Qe7+
59. Kg4 Qe6+ 60. Kg3 Qd6+ 61. Kf3 Qd5+ 62. Kg4 Qe6+ 1/2-1/2

[Event "Turniej GM"]
[Site "Ostroda"]
[Date "2011.08.08"]
[Round "6.4"]
[White "Leniart, Arkadiusz"]
[Black "Terrieux, Kevin"]
[Result "1-0"]
[WhiteElo "2455"]
[BlackElo "2429"]
[PlyCount "145"]
[EventDate "2011.??.??"]

1. Nf3 Nf6 2. c4 e6 3. Nc3 d5 4. d4 Be7 5. g3 O-O 6. Bg2 dxc4 7. O-O Nc6 8. e3
Rb8 9. Qa4 Nb4 10. Ne5 a6 11. a3 Nd3 12. Qxc4 Nxe5 13. dxe5 Nd7 14. f4 b5 15.
Qe2 Bb7 16. Rd1 Qc8 17. Bxb7 Rxb7 18. Ne4 Nc5 19. Nxc5 Bxc5 20. Bd2 Bb6 21. Bc3
Rb8 22. Kg2 Qb7+ 23. e4 Rbd8 24. Kh3 Qc8 25. Qg4 Rxd1 26. Rxd1 Rd8 27. f5 Rxd1
28. f6 g6 29. Qxd1 Bc5 30. Bb4 Bf8 31. Bxf8 Qxf8 32. Kg4 Qa8 33. Kf4 h6 34. Qd7
c5 35. Qc7 c4 36. Ke3 g5 37. h4 gxh4 38. gxh4 Qf8 39. h5 b4 40. a4 c3 41. bxc3
bxc3 42. Qxc3 Qb8 43. Kf4 Kh7 44. Qg3 Qf8 45. a5 Kh8 46. Qg1 Kh7 47. Qa7 Qg8
48. Kf3 Qf8 49. Qe7 Qg8 50. Qa7 Qf8 51. Ke2 Qg8 52. Kd3 Qd8+ 53. Kc4 Qc8+ 54.
Kb3 Kh8 55. Qg1 Qb8+ 56. Kc2 Qc8+ 57. Kd1 Qd8+ 58. Ke2 Qf8 59. Kf3 Qa3+ 60. Kf4
Qf8 61. Qg7+ Qxg7 62. fxg7+ Kxg7 63. Ke3 f6 64. Kd4 f5 65. exf5 exf5 66. Kd5
Kf7 67. e6+ Ke7 68. Ke5 f4 69. Kxf4 Kxe6 70. Ke4 Kf6 71. Kd5 Kg5 72. Kc6 Kxh5
73. Kb6 1-0

[Event "Turniej GM"]
[Site "Ostroda"]
[Date "2011.08.08"]
[Round "6.5"]
[White "Semcesen, Daniel"]
[Black "Malisauskas, Vidmantas"]
[Result "0-1"]
[WhiteElo "2480"]
[BlackElo "2477"]
[PlyCount "94"]
[EventDate "2011.??.??"]

1. d4 Nf6 2. c4 g6 3. Nc3 d5 4. Nf3 Bg7 5. Qb3 dxc4 6. Qxc4 O-O 7. e4 a6 8. e5
Nfd7 9. e6 fxe6 10. Be3 Nb6 11. Qb3 Nc6 12. h4 Rxf3 13. gxf3 Nxd4 14. Qd1 e5
15. Bd3 Bf5 16. Bxd4 exd4 17. Ne4 Nd5 18. Qb3 e6 19. O-O-O b5 20. Kb1 Nf4 21.
Bc2 Qf8 22. Ng5 c5 23. Bxf5 Qxf5+ 24. Qc2 d3 25. Qd2 c4 26. Rhe1 Ne2 27. Ne4
Qxf3 28. Ng3 Nxg3 29. fxg3 Qxg3 30. Rxe6 Qxh4 31. Qe3 Rf8 32. Re8 Qf6 33. Rxf8+
Kxf8 34. Qc5+ Kg8 35. Qd5+ Kh8 36. Qa8+ Bf8 37. Qg2 Qf5 38. a3 d2+ 39. Ka1 Bh6
40. Qa8+ Kg7 41. Qb7+ Qf7 42. Qxa6 Qd7 43. a4 bxa4 44. Qxc4 Bg5 45. Qc3+ Bf6
46. Rxd2 Qe7 47. Qd3 a3 0-1

[Event "Turniej GM"]
[Site "Ostroda"]
[Date "2011.08.09"]
[Round "7.1"]
[White "Malisauskas, Vidmantas"]
[Black "Georgescu, Tiberiu-Marian"]
[Result "1-0"]
[WhiteElo "2477"]
[BlackElo "2397"]
[PlyCount "65"]
[EventDate "2011.??.??"]

1. e4 c6 2. d4 d5 3. e5 Bf5 4. Nf3 e6 5. Be2 c5 6. Be3 cxd4 7. Nxd4 Ne7 8. c4
Nbc6 9. Qa4 a6 10. Nc3 dxc4 11. O-O-O Qa5 12. Qxa5 Nxa5 13. Nxf5 Nxf5 14. Bb6
Nc6 15. f4 Rc8 16. Bxc4 g5 17. Bd3 Nh4 18. g3 Ng6 19. fxg5 Ngxe5 20. Be2 Nd7
21. Bf2 b5 22. Kb1 Bc5 23. Rxd7 Bxf2 24. Rhd1 O-O 25. Ne4 Be3 26. R7d3 Ba7 27.
Ra3 b4 28. Rxa6 Be3 29. b3 Nd4 30. Bc4 Nc6 31. Re1 Bd4 32. Nd6 Rc7 33. Nb5 1-0

[Event "Turniej GM"]
[Site "Ostroda"]
[Date "2011.08.09"]
[Round "7.2"]
[White "Terrieux, Kevin"]
[Black "Semcesen, Daniel"]
[Result "1/2-1/2"]
[WhiteElo "2429"]
[BlackElo "2480"]
[PlyCount "61"]
[EventDate "2011.??.??"]

1. d4 f5 2. g3 Nf6 3. Bg2 g6 4. Nf3 Bg7 5. O-O O-O 6. c4 d6 7. Nc3 c6 8. d5 Bd7
9. Nd4 Qb6 10. e3 Na6 11. Rb1 Rab8 12. b3 Nc5 13. b4 Nce4 14. Na4 Qc7 15. f3
Ng5 16. e4 Nf7 17. Ne6 Bxe6 18. dxe6 Ne5 19. exf5 Nxc4 20. fxg6 Nd5 21. gxh7+
Kh8 22. Qe2 b5 23. f4 a5 24. f5 axb4 25. Bxd5 cxd5 26. Nb2 Na3 27. Ra1 Nc2 28.
Rb1 Na3 29. Ra1 Nc2 30. Rb1 Na3 31. Ra1 1/2-1/2